Statistics for Winners of European Cup/Champions League as players and as coaches

Click here to take the quiz!

General Stats

  • This quiz has been taken 50 times
  • The average score is 5 of 7

Answer Stats

CountryTeam/s as playerTeam/s as coachWinner% Correct
FranceReal MadridReal MadridZinedine Zidane
100%
NetherlandsAjaxBarcelonaJohan Cruyff
93%
SpainBarcelonaBarcelonaPep Guardiola
88%
ItalyMilanMilan/Real MadridCarlo Ancelotti
77%
NetherlandsMilan/AjaxBarcelonaFrank Rijkaard
67%
ItalyMilanJuventusGiovanni Trapattoni
33%
SpainReal MadridReal MadridMiguel Muñoz
12%

Score Distribution

Percentile by Number Answered

Percent of People with Each Score

Your Score History

You have not taken this quiz